Score 0/16 Timer 05:00
0 Plays Today
Show Missing Word % Correct
_____ Hills, 90210Beverly
97.5%
21 _____ StreetJump
96.6%
_____ McBealAlly
94.4%
Sleepy _____Hollow
87.1%
_____ of FiveParty
80.4%
_____ of your LifeTime
60%
_____ BreakPrison
44.7%
Boston _____Public
34.4%
Show Missing Word % Correct
Almost _____Human
29%
_____ RealGet
18.1%
John _____Doe
10%
Canterbury's _____Law
9.3%
New York _____Undercover
7.3%
The Chicago _____Code
6.5%
Human _____Target
6.1%
_____ InstinctKiller
5.1%

Today's Daily Dose

Missing Word
I Hardly Know Her!

Word Ladder
Sentence Ending

Quick Pick
Female Firsts

Get the Picture
Triathlon Sports

Remove Ads.
Support Sporcle.
Get the best of Sporcle when you Go Orange. This ad-free experience offers more features, more stats, and more fun while also helping to support Sporcle. Thank you for becoming a member.

You're not logged in!

Compare scores with friends on all Sporcle quizzes.
OR
Log In

Show Comments

Extras

Top Quizzes Today


Score Distribution

Your Account Isn't Verified!

In order to create a playlist on Sporcle, you need to verify the email address you used during registration. Go to your Sporcle Settings to finish the process.

Report this User

Report this user for behavior that violates our Community Guidelines.

Details: